Essential biology / (Record no. 87776)

MARC details
000 -LEADER
campo de control de longitud fija 00928cam a2200325Mi 4500
001 - NÚMERO DE CONTROL
campo de control 89197
005 - FECHA Y HORA DE LA ÚLTIMA TRANSACCIÓN
campo de control 20230410132804.0
008 - DATOS DE LONGITUD FIJA--INFORMACIÓN GENERAL
campo de control de longitud fija 040705s2001 caua f 001 0 eng d
035 ## - NÚMERO DE CONTROL DEL SISTEMA
Número de control de sistema (OCoLC)ocn456458118
040 ## - FUENTE DE CATALOGACIÓN
Centro catalogador/agencia de origen SILIS
Normas de descripción ppiak
Lengua de catalogación slv
Centro/agencia transcriptor SILIS
015 ## - NÚMERO DE BIBLIOGRAFÍA NACIONAL
Número de bibliografía nacional GBA2-17091
020 ## - NÚMERO INTERNACIONAL ESTÁNDAR DEL LIBRO
Número Internacional Estándar del Libro 0805373934
020 ## - NÚMERO INTERNACIONAL ESTÁNDAR DEL LIBRO
Número Internacional Estándar del Libro 9780805373936
035 ## - NÚMERO DE CONTROL DEL SISTEMA
Número de control de sistema (OCoLC)456458118
044 ## - CÓDIGO DEL PAÍS DE LA ENTIDAD EDITORA/PRODUCTORA
Código MARC del país xxu
Código ISO del país usa
050 14 - SIGNATURA TOPOGRÁFICA DE LA BIBLIOTECA DEL CONGRESO
Número de clasificación QH 308.2
Número de ítem C189e 2001
080 ## - NÚMERO DE LA CLASIFICACIÓN DECIMAL UNIVERSAL
Número de la Clasificación Decimal Universal 570
049 ## - FONDOS LOCALES (OCLC)
Biblioteca depositaria GRAL
100 1# - ENTRADA PRINCIPAL--NOMBRE DE PERSONA
Nombre de persona Campbell, Neil A.,
Fechas asociadas al nombre 1946-
Relación aut
245 00 - MENCIÓN DEL TÍTULO
Título Essential biology /
Mención de responsabilidad, etc. Neil A. Campbell, Jane B. Reece.
260 ## - PUBLICACIÓN, DISTRIBUCIÓN, ETC.
Lugar de publicación, distribución, etc. San Francisco :
Nombre del editor, distribuidor, etc. Benjamin Cummings,
Fecha de publicación, distribución, etc. cop. 2001.
300 ## - DESCRIPCIÓN FÍSICA
Extensión XXXII, 490, [44] str. :
Otras características físicas ilustr. ;
Dimensiones 28 cm +
Material acompañante/anejo 1 CD-ROM.
650 #0 - PUNTO DE ACCESO ADICIONAL DE MATERIA--TÉRMINO DE MATERIA
Término de materia o nombre geográfico como elemento de entrada Biology.
650 #4 - PUNTO DE ACCESO ADICIONAL DE MATERIA--TÉRMINO DE MATERIA
Término de materia o nombre geográfico como elemento de entrada Biología.
653 0# - TÉRMINO DE INDIZACIÓN--NO CONTROLADO
Término no controlado biologija
-- celica
-- genetika
-- evolucija
-- ekologija
700 12 - ENTRADA AGREGADA--NOMBRE PERSONAL
Nombre de persona Reece, Jane B.
Relación aut
942 ## - ELEMENTOS DE ENTRADA SECUNDARIOS (KOHA)
Fuente del sistema de clasificación o colocación Clasificación de Library of Congress
Tipo de ítem Koha
946 ## - PROCESAMIENTO DE INFORMACIÓN LOCAL (OCLC)
a AFJ
994 ## -
-- C0
-- DRFGD
Holdings
Estatus retirado Estado de pérdida Fuente del sistema de clasificación o colocación Estado de daño No para préstamo Colección Biblioteca de origen Biblioteca actual Ubicación en estantería Fecha de adquisición Serial enumeration / chronology Signatura topográfica completa Código de barras Visto por última vez Tipo de ítem Koha
    Clasificación de Library of Congress     Humanidades Biblioteca Juan Bosch Biblioteca Juan Bosch Humanidades (4to. Piso) 10/04/2023 1 QH 308.2 C189e 2001 00000081542 25/10/2018